000 00999nam a2200277 a 4500
003 CO-ViMGA
005 20230915225029.0
008 061230s2007 sp a jr 0001j0spa d
020 _a9788426136015
040 _aCO-ViMGA
_bspa
_cCO-ViMGA
041 1 _hger
043 _ae-gx---
082 0 4 _aI833.8
_bM67r
_221 ed.
100 1 _aMorgenstern, Christian,
_d1871-1914.
_91248
245 1 3 _aLa ratonera /
_cChristian Morgenstern ; ilustrado por Peter Schossow ; traducción castellana Ernest Weikert García.
260 3 _aBarcelona :
_bEditorial Juventud,
_c2007.
300 _a[48] p. :
_bil. ;
_c21 x 29 cm.
534 _pTítulo original :
_tDie mausefalle.
650 1 4 _aCuentos infantiles alemanes.
_994
650 1 6 _aLibros ilustrados para niños.
_987
650 1 6 _aRatones
_v Cuentos infantiles.
_983
650 1 6 _aRatones
_x Libros ilustrados para niños.
_91249
700 1 2 _aSchössow, Peter,
_eil.
_91251
700 1 2 _aWeikert García, Ernest,
_etr.
_91250
942 _2ddc
_cBK
999 _c12236
_d12236